[Event "17MCR_PFA"]
[Site "?"]
[Date "2003.??.??"]
[Round "?"]
[White "Toman, Antonin"]
[Black "Volek, Stanislav"]
[Result "1/2-1/2"]
[WhiteElo "2205"]
[BlackElo "2265"]
[PlyCount "67"]
[EventDate "2003.??.??"]
[EventType "corr"]
[EventRounds "1"]
[SourceDate "2005.10.25"]

1. e4 e6 2. d4 d5 3. Nd2 c5 4. exd5 Qxd5 5. Ngf3 cxd4 6. Bc4 Qd6 7. O-O Nf6 8.
Nb3 Nc6 9. Nbxd4 Nxd4 10. Nxd4 Bd7 11. c3 Be7 12. Qe2 O-O 13. Bg5 Rac8 14. Rad1
Qc5 15. Nf3 Bc6 16. Ne5 Be4 17. Bd3 Qxe5 18. Bxf6 Bxf6 19. Bxe4 Qc7 20. Rd3
Rfd8 21. Rfd1 Rxd3 22. Rxd3 g6 23. g3 b6 24. a3 Rd8 25. Rxd8+ Qxd8 26. Kg2 Qd7
27. h4 h5 28. Qf3 Bg7 29. Bc6 Qc7 30. Bb5 Qd8 31. Qd3 Qd5+ 32. Qxd5 exd5 33.
Kf3 Bh6 34. b3 1/2-1/2

[Event "17MCR_PFA"]
[Site "?"]
[Date "2003.??.??"]
[Round "?"]
[White "Jakimic, Viktor"]
[Black "Novak, Vratislav"]
[Result "0-1"]
[WhiteElo "2135"]
[BlackElo "2265"]
[PlyCount "72"]
[EventDate "2003.??.??"]
[EventType "corr"]
[EventRounds "1"]
[SourceDate "2005.10.25"]

1. d4 d5 2. c4 e6 3. Nc3 c6 4. e3 Nf6 5. Nf3 Nbd7 6. Qc2 Bd6 7. Be2 O-O 8. O-O
dxc4 9. Bxc4 b5 10. Be2 Bb7 11. Rd1 Qc7 12. e4 e5 13. dxe5 Nxe5 14. Nd4 Neg4
15. Bxg4 Bxh2+ 16. Kf1 Nxg4 17. g3 Nxf2 18. Qxf2 Bxg3 19. Qf5 b4 20. Nce2 g6
21. Qg4 Be5 22. Bf4 Rfe8 23. Nf5 Bc8 24. Qg5 Bxf4 25. Nxf4 Bxf5 26. Nh5 Bh3+
27. Kg1 Re6 28. Rd3 Qe7 29. Qxe7 Rxe7 30. Nf6+ Kg7 31. Rxh3 Kxf6 32. Rxh7 Rd8
33. Rf1+ Ke5 34. Rf2 a5 35. a3 Rd1+ 36. Kg2 Rd4 0-1

[Event "17MCR_PFA"]
[Site "?"]
[Date "2003.??.??"]
[Round "?"]
[White "Barta, Tomas"]
[Black "Prchly, Milos"]
[Result "0-1"]
[WhiteElo "1835"]
[BlackElo "2270"]
[PlyCount "94"]
[EventDate "2003.??.??"]
[EventType "corr"]
[EventRounds "1"]
[SourceDate "2005.10.25"]

1. e4 e5 2. Nf3 Nf6 3. Bb5 Nxe4 4. Qe2 Nd6 5. Qxe5+ Be7 6. Nc3 O-O 7. Be2 Nc6
8. Qf4 Ne8 9. d3 d5 10. O-O h6 11. Qa4 Nf6 12. d4 a6 13. Ne5 Bd7 14. Nxc6 Bxc6
15. Qb3 Bd6 16. Bf3 Qd7 17. Bd2 Rfe8 18. a4 Re7 19. Rfd1 Rae8 20. a5 Qf5 21. h3
Re6 22. Rab1 g5 23. Re1 g4 24. hxg4 Nxg4 25. Rxe6 Rxe6 26. Re1 Nh2 27. Be2 Rg6
28. Nd1 Qe4 29. Ne3 Qxd4 30. Qd3 Qxd3 31. Bxd3 Nf3+ 32. Kh1 Nxd2 33. Bxg6 fxg6
34. Ng4 Kg7 35. Rd1 Ne4 36. Kg1 Bc5 37. c3 b6 38. axb6 Bxb6 39. Rf1 a5 40. Rc1
a4 41. Re1 Bc5 42. Ra1 Bb5 43. Ne3 c6 44. Ng4 d4 45. cxd4 Bxd4 46. Re1 Nc5 47.
Re7+ Kf8 0-1

[Event "17MCR_PFA"]
[Site "?"]
[Date "2003.??.??"]
[Round "?"]
[White "Kostal, Jindrich"]
[Black "Vondracek, Emil"]
[Result "1-0"]
[WhiteElo "2330"]
[BlackElo "2275"]
[PlyCount "146"]
[EventDate "2003.??.??"]
[EventType "corr"]
[EventRounds "1"]
[SourceDate "2005.10.25"]

1. e4 e5 2. Nf3 Nc6 3. Bb5 a6 4. Ba4 Nf6 5. O-O Be7 6. Re1 b5 7. Bb3 d6 8. c3
O-O 9. h3 Na5 10. Bc2 c5 11. d4 Qc7 12. Nbd2 cxd4 13. cxd4 Rd8 14. Nf1 exd4 15.
Nxd4 d5 16. e5 Ne4 17. a4 Bb4 18. Re2 bxa4 19. Rxa4 Bc5 20. Bxe4 dxe4 21. Bg5
Rd7 22. e6 Rd5 23. Bd2 Nb7 24. Nb5 Qe7 25. exf7+ Qxf7 26. Nc3 Rd8 27. Nxe4 Be7
28. Qa1 Nc5 29. Nxc5 Bxc5 30. Rf4 Qg6 31. Qa2+ Kh8 32. Qf7 Qxf7 33. Rxf7 Kg8
34. Rc7 Bd6 35. Rc1 Bf5 36. Ba5 Rd7 37. Ree1 Rb8 38. Bc3 Rbd8 39. Nh2 Bf4 40.
Ra1 Bd2 41. Bxd2 Rxd2 42. Nf3 Rxb2 43. Rxa6 Rb7 44. Kh2 h6 45. g4 Bc8 46. Kg3
Rc7 47. Rb6 Bb7 48. Ne5 Rd2 49. h4 Kh7 50. f3 Rd8 51. h5 Ba8 52. Reb1 Rcc8 53.
R6b2 Re8 54. Re1 Rc3 55. Rbe2 Rd8 56. Re3 Rcc8 57. Ng6 Rb8 58. Re7 Rb3 59. R1e3
Rxe3 60. Rxe3 Bc6 61. Re7 Rb8 62. Rc7 Be8 63. Ne5 Bb5 64. f4 Be2 65. f5 Kg8 66.
Nc6 Rb3+ 67. Kf4 Rf3+ 68. Ke4 Rb3 69. Rc8+ Kh7 70. Ne5 Ba6 71. Rd8 Rb4+ 72. Ke3
Rb3+ 73. Kd4 Rb4+ 1-0

[Event "17MCR_PFA"]
[Site "?"]
[Date "2003.??.??"]
[Round "?"]
[White "Dedina, Miroslav"]
[Black "Kuta, Jiri"]
[Result "1-0"]
[WhiteElo "2325"]
[BlackElo "2305"]
[PlyCount "47"]
[EventDate "2003.??.??"]
[EventType "corr"]
[EventRounds "1"]
[SourceDate "2005.10.25"]

1. e4 c5 2. Nf3 Nc6 3. d4 cxd4 4. Nxd4 Nf6 5. Nc3 e5 6. Ndb5 d6 7. Nd5 Nxd5 8.
exd5 Ne7 9. c4 Nf5 10. Bd3 g6 11. O-O Bg7 12. Qa4 O-O 13. Bxf5 Bxf5 14. Qa3 Re8
15. Nxd6 Bf8 16. c5 Bxd6 17. cxd6 Qf6 18. Bd2 Red8 19. Bb4 b6 20. Qe3 Rd7 21.
f3 Rdd8 22. Rac1 Rac8 23. Rc6 Bd7 24. Rc7 1-0

[Event "17MCR_PFA"]
[Site "?"]
[Date "2003.??.??"]
[Round "?"]
[White "Vondracek, Emil"]
[Black "Dedina, Miroslav"]
[Result "1/2-1/2"]
[WhiteElo "2275"]
[BlackElo "2325"]
[PlyCount "86"]
[EventDate "2003.??.??"]
[EventType "corr"]
[EventRounds "1"]
[SourceDate "2005.10.25"]

1. e4 e5 2. Nf3 Nc6 3. Bc4 Bc5 4. O-O Nf6 5. d3 d6 6. c3 O-O 7. b4 Bb6 8. Nbd2
Ne7 9. Bb3 c6 10. Re1 a5 11. a4 axb4 12. cxb4 c5 13. Nc4 cxb4 14. Nxb6 Qxb6 15.
Bg5 Nc6 16. Bxf6 gxf6 17. Nd2 Kh8 18. Qh5 Be6 19. Reb1 Qc7 20. Qh6 Qe7 21. Bd5
Rg8 22. Bxc6 bxc6 23. Rxb4 f5 24. Rab1 f4 25. Nf3 Bg4 26. Rb7 Qf8 27. Qxf8
Rgxf8 28. Ng5 Kg8 29. Rc7 h6 30. Nf3 c5 31. Rc6 Rfe8 32. Rxd6 Bxf3 33. gxf3
Rxa4 34. Rxh6 Rd4 35. Rb3 Kg7 36. Rh4 Ra8 37. Rg4+ Kf8 38. Rc3 Ra2 39. Rh4 c4
40. dxc4 Rdd2 41. Rg4 Ra1+ 42. Kg2 Raa2 43. Kh3 Rxf2 1/2-1/2

[Event "17MCR_PFA"]
[Site "?"]
[Date "2003.??.??"]
[Round "?"]
[White "Prchly, Milos"]
[Black "Kostal, Jindrich"]
[Result "1/2-1/2"]
[WhiteElo "2270"]
[BlackElo "2330"]
[PlyCount "122"]
[EventDate "2003.??.??"]
[EventType "corr"]
[EventRounds "1"]
[SourceDate "2005.10.25"]

1. d4 Nf6 2. c4 g6 3. Nc3 Bg7 4. e4 d6 5. Be2 O-O 6. Bg5 c5 7. d5 h6 8. Bf4 e6
9. dxe6 Bxe6 10. Bxd6 Re8 11. Nf3 Nc6 12. O-O Nd4 13. e5 Nd7 14. Nxd4 cxd4 15.
Qxd4 Nxe5 16. Bxe5 Qxd4 17. Bxd4 Bxd4 18. Rac1 Rad8 19. b3 Bxc3 20. Rxc3 Rd2
21. Bf3 Rxa2 22. Bxb7 Rb8 23. Be4 Ra3 24. Bc2 a5 25. Re3 Ra2 26. Bxg6 a4 27.
bxa4 Bxc4 28. Bd3 Bxd3 29. Rxd3 Rxa4 30. g3 Rb2 31. Rfd1 Raa2 32. Rf3 Rd2 33.
Rxd2 Rxd2 34. Kg2 Kg7 35. Rf5 Rd4 36. h3 Kg6 37. g4 Ra4 38. f3 Rd4 39. h4 Kg7
40. Ra5 Kf6 41. Ra6+ Kg7 42. h5 Rd2+ 43. Kg3 Rd4 44. f4 Rd3+ 45. Kf2 Rb3 46.
Rd6 Rc3 47. Rd7 Ra3 48. Re7 Kf6 49. Re3 Ra2+ 50. Kf3 Ra1 51. Rb3 Rf1+ 52. Ke3
Rg1 53. Rb6+ Kg7 54. Kf3 Ra1 55. g5 hxg5 56. h6+ Kh7 57. fxg5 Rg1 58. Kf4 Rf1+
59. Ke5 Rg1 60. Kf6 Rf1+ 61. Ke5 Rg1 1/2-1/2

[Event "17MCR_PFA"]
[Site "?"]
[Date "2003.??.??"]
[Round "?"]
[White "Novak, Vratislav"]
[Black "Barta, Tomas"]
[Result "1/2-1/2"]
[WhiteElo "2265"]
[BlackElo "1835"]
[PlyCount "73"]
[EventDate "2003.??.??"]
[EventType "corr"]
[EventRounds "1"]
[SourceDate "2005.10.25"]

1. e4 c5 2. Nf3 Nc6 3. Bb5 e6 4. O-O Nge7 5. b3 a6 6. Bxc6 Nxc6 7. Bb2 d6 8. d4
cxd4 9. Nxd4 Bd7 10. Nd2 Nxd4 11. Bxd4 e5 12. Be3 b5 13. a4 Be7 14. axb5 axb5
15. Qe2 O-O 16. Qd3 Qc7 17. c4 b4 18. f3 Rfd8 19. Qc2 Ra3 20. Rxa3 bxa3 21. Ra1
Qa5 22. Bf2 g6 23. Nb1 d5 24. exd5 Bb4 25. Ra2 Bf5 26. Qc1 Ra8 27. Kh1 f6 28.
Be3 Rc8 29. h3 Kf7 30. Nxa3 Ra8 31. Qa1 h5 32. Bc1 h4 33. Bb2 Qa7 34. Bc3 Qa5
35. Bb2 Qa7 36. Bc3 Qa5 37. Bb2 1/2-1/2

[Event "17MCR_PFA"]
[Site "?"]
[Date "2003.??.??"]
[Round "?"]
[White "Volek, Stanislav"]
[Black "Jakimic, Viktor"]
[Result "1/2-1/2"]
[WhiteElo "2265"]
[BlackElo "2135"]
[PlyCount "133"]
[EventDate "2003.??.??"]
[EventType "corr"]
[EventRounds "1"]
[SourceDate "2005.10.25"]

1. d4 d5 2. Nf3 c6 3. c4 Nf6 4. Qc2 e6 5. e3 Nbd7 6. Nc3 Bd6 7. Be2 O-O 8. O-O
dxc4 9. Bxc4 a6 10. Bd3 e5 11. Re1 h6 12. Bd2 Re8 13. h3 exd4 14. exd4 Rxe1+
15. Rxe1 Nb6 16. Ne5 Be6 17. a3 Bc7 18. Ne2 Rc8 19. Nf4 Qxd4 20. Nxe6 fxe6 21.
Bc3 Qd5 22. Re3 Rd8 23. Be2 Bxe5 24. Rd3 Bxc3 25. Rxd5 exd5 26. Qxc3 Nc8 27.
Bd3 Nd6 28. Bg6 Rd7 29. Qe5 Kf8 30. g4 Nf7 31. Qb8+ Ne8 32. f4 Ke7 33. h4 Nfd6
34. g5 hxg5 35. hxg5 Rd8 36. Qa7 Rd7 37. Kg2 Kf8 38. Kf3 Nf7 39. b4 Re7 40. Qb8
Rc7 41. Ke3 Ke7 42. a4 Rd7 43. Kd3 Nfd6 44. f5 Kf8 45. Qa7 Re7 46. Qf2 Nc4 47.
Kc2 Ncd6 48. Qh4 Re2+ 49. Kd3 Re4 50. Qh8+ Ke7 51. Qg8 Re1 52. Qh7 Kd8 53. Bxe8
Nxe8 54. f6 gxf6 55. gxf6 Nxf6 56. Qxb7 Nd7 57. Qxa6 Re4 58. Kc3 Rc4+ 59. Kb3
Kc7 60. Qa7+ Kd8 61. a5 c5 62. bxc5 Nxc5+ 63. Ka2 Ra4+ 64. Kb2 Rb4+ 65. Kc2
Rc4+ 66. Kd2 Ne6 67. Qb6+ 1/2-1/2

[Event "17MCR_PFA"]
[Site "?"]
[Date "2003.??.??"]
[Round "?"]
[White "Jirku, Jaroslav"]
[Black "Toman, Antonin"]
[Result "1/2-1/2"]
[WhiteElo "2265"]
[BlackElo "2205"]
[PlyCount "92"]
[EventDate "2003.??.??"]
[EventType "corr"]
[EventRounds "1"]
[SourceDate "2005.10.25"]

1. e4 e5 2. Nf3 Nc6 3. Bb5 a6 4. Ba4 Nf6 5. O-O Be7 6. Re1 b5 7. Bb3 O-O 8. c3
d5 9. exd5 Nxd5 10. Nxe5 Nxe5 11. Rxe5 c6 12. d3 Bd6 13. Re1 Bf5 14. Qf3 Re8
15. Rxe8+ Qxe8 16. Nd2 Qd7 17. h3 Re8 18. Ne4 Bxe4 19. dxe4 Qe6 20. Be3 Qe5 21.
g3 Qxe4 22. Qxe4 Rxe4 23. Bxd5 cxd5 24. Kg2 Kf8 25. Rd1 Re5 26. Rd3 Ke7 27. f4
Re4 28. Kf3 Ra4 29. a3 Ke6 30. Bd4 g6 31. g4 a5 32. f5+ gxf5 33. Re3+ Kd7 34.
gxf5 b4 35. axb4 axb4 36. Re1 h5 37. Rg1 b3 38. Rg7 Ke7 39. Rh7 Ra2 40. c4 dxc4
41. Rxh5 Bb4 42. f6+ Kd6 43. Rb5 Bd2 44. Ke4 Bc1 45. Rd5+ Kc6 46. Rc5+ Kd6
1/2-1/2

[Event "17MCR_PFA"]
[Site "?"]
[Date "2003.??.??"]
[Round "?"]
[White "Pytlik, Lesek"]
[Black "Geryk, Miroslav"]
[Result "1-0"]
[WhiteElo "2260"]
[BlackElo "2235"]
[PlyCount "53"]
[EventDate "2003.??.??"]
[EventType "corr"]
[EventRounds "1"]
[SourceDate "2005.10.25"]

1. e4 c5 2. Nf3 d6 3. d4 cxd4 4. Nxd4 Nf6 5. Nc3 a6 6. Bg5 e6 7. f4 Qb6 8. Nb3
Be7 9. Qf3 Nbd7 10. O-O-O Qc7 11. Bd3 b5 12. Kb1 Bb7 13. Rhe1 h6 14. Bxf6 Nxf6
15. a3 O-O-O 16. Qe3 Kb8 17. Bxb5 Nxe4 18. Nxe4 axb5 19. Nc3 Qc6 20. Na5 Qa6
21. Nxb7 Qxb7 22. f5 Bf6 23. Rd3 Bxc3 24. Rxc3 exf5 25. Qd3 Ka8 26. Rb3 Rb8 27.
a4 1-0

[Event "17MCR_PFA"]
[Site "?"]
[Date "2003.??.??"]
[Round "?"]
[White "Doubek, Svatopluk"]
[Black "Javorsky, Jan"]
[Result "1/2-1/2"]
[WhiteElo "2255"]
[BlackElo "2245"]
[PlyCount "46"]
[EventDate "2003.??.??"]
[EventType "corr"]
[EventRounds "1"]
[SourceDate "2005.10.25"]

1. d4 d5 2. c4 e6 3. Nc3 Nf6 4. Nf3 c5 5. cxd5 Nxd5 6. e3 cxd4 7. exd4 Bb4 8.
Qc2 Nc6 9. Be2 O-O 10. O-O Re8 11. Rd1 Bf8 12. Qe4 Bd7 13. Bg5 Be7 14. Nxd5
exd5 15. Qxd5 Be6 16. Qxd8 Raxd8 17. Bxe7 Rxe7 18. Bb5 Bg4 19. Bxc6 bxc6 20.
Rac1 Re6 21. a3 Bxf3 22. gxf3 Rg6+ 23. Kh1 Rf6 1/2-1/2

[Event "17MCR_PFA"]
[Site "?"]
[Date "2003.??.??"]
[Round "?"]
[White "Bosak, Zdenek"]
[Black "Klempar, Miloslav"]
[Result "1/2-1/2"]
[WhiteElo "2250"]
[BlackElo "2250"]
[PlyCount "82"]
[EventDate "2003.??.??"]
[EventType "corr"]
[EventRounds "1"]
[SourceDate "2005.10.25"]

1. e4 c5 2. Nf3 d6 3. d4 cxd4 4. Nxd4 Nf6 5. Nc3 a6 6. Bc4 e6 7. a3 b5 8. Ba2
Bb7 9. Qe2 Nc6 10. Nxc6 Bxc6 11. O-O Be7 12. Bf4 O-O 13. Rad1 Qc7 14. Rfe1 Rac8
15. f3 Rfd8 16. Qf2 a5 17. Bb3 b4 18. axb4 axb4 19. Ne2 Ra8 20. Be3 Rdb8 21.
Nd4 Ba4 22. Rc1 Bxb3 23. cxb3 Qb7 24. Nc6 Rc8 25. Nxe7+ Qxe7 26. Bd2 Rxc1 27.
Rxc1 Qb7 28. Qd4 d5 29. e5 Nd7 30. Bxb4 Nxe5 31. Bc3 f6 32. Qe3 Qxb3 33. f4 d4
34. Qxd4 Ng6 35. Re1 e5 36. fxe5 Nxe5 37. Qd6 Ng6 38. Qc6 Rb8 39. Re8+ Rxe8 40.
Qxe8+ Nf8 41. h3 Qb6+ 1/2-1/2

[Event "17MCR_PFA"]
[Site "?"]
[Date "2003.??.??"]
[Round "?"]
[White "Javorsky, Jan"]
[Black "Bosak, Zdenek"]
[Result "1-0"]
[WhiteElo "2245"]
[BlackElo "2250"]
[PlyCount "89"]
[EventDate "2003.??.??"]
[EventType "corr"]
[EventRounds "1"]
[SourceDate "2005.10.25"]

1. d4 d5 2. c4 c6 3. Nf3 Nf6 4. Nc3 dxc4 5. e3 b5 6. a4 b4 7. Na2 e6 8. Bxc4
Bb7 9. O-O Be7 10. Bd2 a5 11. Nc1 O-O 12. Nb3 Nbd7 13. Qe2 Ne4 14. Rfc1 c5 15.
Be1 cxd4 16. Nfxd4 Qb6 17. f3 Nef6 18. Bf2 Rfc8 19. e4 Nc5 20. Bb5 Nxb3 21.
Nxb3 Qd8 22. Qd2 Rxc1+ 23. Rxc1 Rc8 24. Qxd8+ Bxd8 25. Rd1 Bc7 26. Nc5 Ba8 27.
Na6 Rd8 28. Bd3 Be5 29. Bb6 Rd7 30. Bxa5 Bxb2 31. Rb1 Be5 32. Bb5 Rd2 33. Nxb4
Bd4+ 34. Kf1 Rf2+ 35. Ke1 Rxg2 36. Rc1 Bf2+ 37. Ke2 Bb7 38. Kd3 Rxh2 39. Rc7
Bxe4+ 40. fxe4 h5 41. Nc6 Rh3+ 42. Kc2 Nxe4 43. Bd3 f5 44. Bc4 Nc5 45. Bc3 1-0

[Event "17MCR_PFA"]
[Site "?"]
[Date "2003.??.??"]
[Round "?"]
[White "Geryk, Miroslav"]
[Black "Doubek, Svatopluk"]
[Result "0-1"]
[WhiteElo "2235"]
[BlackElo "2255"]
[PlyCount "60"]
[EventDate "2003.??.??"]
[EventType "corr"]
[EventRounds "1"]
[SourceDate "2005.10.25"]

1. e4 e5 2. Nf3 Nc6 3. d4 exd4 4. Nxd4 Nf6 5. Nxc6 bxc6 6. e5 Qe7 7. Qe2 Nd5 8.
c4 Nb6 9. Nc3 Qe6 10. Qe4 d5 11. exd6 cxd6 12. Bd3 Qxe4+ 13. Bxe4 Bb7 14. b3 d5
15. cxd5 cxd5 16. Bf3 Bb4 17. Bd2 Kd7 18. Nb5 Rae8+ 19. Kd1 Bxd2 20. Kxd2 a6
21. Bg4+ Kc6 22. Nd4+ Kc5 23. Nf5 Nc8 24. Bf3 g6 25. Rac1+ Kb6 26. Ne3 Rd8 27.
Rhe1 f5 28. Nc2 Nd6 29. Re6 Rhe8 30. Rd1 Rxe6 0-1

[Event "17MCR_PFA"]
[Site "?"]
[Date "2003.??.??"]
[Round "?"]
[White "Toman, Antonin"]
[Black "Pytlik, Lesek"]
[Result "0-1"]
[WhiteElo "2205"]
[BlackElo "2260"]
[PlyCount "106"]
[EventDate "2003.??.??"]
[EventType "corr"]
[EventRounds "1"]
[SourceDate "2005.10.25"]

1. e4 e5 2. Nf3 Nc6 3. Bb5 a6 4. Bxc6 dxc6 5. O-O Qd6 6. d3 Ne7 7. Nbd2 Ng6 8.
Nc4 Qf6 9. d4 exd4 10. Bg5 Qe6 11. Qxd4 f6 12. Bh4 c5 13. Qc3 b5 14. Ne3 Nxh4
15. Nxh4 Qxe4 16. Rfe1 Kf7 17. Nef5 Qc6 18. Rad1 g6 19. Nd4 Qb6 20. Qf3 Bb7 21.
Qb3+ c4 22. Qh3 Rd8 23. Ndf3 Rxd1 24. Rxd1 Qe6 25. Nxg6 Qxh3 26. Nxh8+ Kg7 27.
gxh3 Bxf3 28. Rd8 Bd6 29. h4 Bd5 30. h5 Bg8 31. h6+ Kxh8 32. Ra8 b4 33. Rxa6
Bd5 34. Ra5 Be4 35. c3 bxc3 36. bxc3 Kg8 37. Kf1 Be5 38. Ke2 Bxc3 39. Rc5 Bd3+
40. Ke3 Kf7 41. Rxc7+ Ke6 42. a4 Kd6 43. Rb7 Kc6 44. Rb8 Ba5 45. f3 Bb6+ 46.
Kd2 Kc7 47. Rg8 Ba5+ 48. Kd1 c3 49. Rg4 Bb6 50. Rg2 Be3 51. Ra2 Kb6 52. a5+ Ka6
53. h3 Bxh6 0-1

[Event "17MCR_PFA"]
[Site "?"]
[Date "2003.??.??"]
[Round "?"]
[White "Jakimic, Viktor"]
[Black "Jirku, Jaroslav"]
[Result "1/2-1/2"]
[WhiteElo "2135"]
[BlackElo "2265"]
[PlyCount "66"]
[EventDate "2003.??.??"]
[EventType "corr"]
[EventRounds "1"]
[SourceDate "2005.10.25"]

1. d4 d5 2. c4 e6 3. Nc3 Nf6 4. Nf3 Be7 5. cxd5 exd5 6. e3 c6 7. Bd3 Bg4 8. O-O
O-O 9. h3 Bh5 10. Bd2 Nbd7 11. Re1 Re8 12. Rc1 Bf8 13. Qc2 Bxf3 14. gxf3 c5 15.
dxc5 Ne5 16. Kg2 Bxc5 17. Bb5 Re6 18. Ne2 a6 19. Qxc5 axb5 20. Nf4 Rc6 21. Qd4
Nc4 22. a3 Nxd2 23. Qxd2 Qd7 24. Rcd1 Rd8 25. e4 dxe4 26. Qxd7 exf3+ 27. Kxf3
Rxd7 28. Rxd7 Nxd7 29. Re8+ Nf8 30. Nd5 f6 31. Rb8 Rd6 32. Ne7+ Kf7 33. Rxb7
Ke6 1/2-1/2

[Event "17MCR_PFA"]
[Site "?"]
[Date "2003.??.??"]
[Round "?"]
[White "Barta, Tomas"]
[Black "Volek, Stanislav"]
[Result "1/2-1/2"]
[WhiteElo "1835"]
[BlackElo "2265"]
[PlyCount "66"]
[EventDate "2003.??.??"]
[EventType "corr"]
[EventRounds "1"]
[SourceDate "2005.10.25"]

1. d4 e6 2. c4 Nf6 3. Nf3 c5 4. d5 d6 5. Nc3 exd5 6. cxd5 g6 7. Bf4 a6 8. e4 b5
9. Bd3 Bg7 10. O-O O-O 11. h3 Re8 12. a3 Bb7 13. Re1 Qb6 14. Qd2 Nbd7 15. Bh6
Kh8 16. Rac1 c4 17. Bc2 Nc5 18. Be3 Nfd7 19. Bd4 Ne5 20. Nxe5 Bxe5 21. Bxe5+
Rxe5 22. Rcd1 Rae8 23. Re3 a5 24. Rde1 b4 25. Na4 Qb5 26. Nxc5 Qxc5 27. Kf1
bxa3 28. bxa3 f5 29. Kg1 fxe4 30. Bxe4 R8e7 31. Kh2 Rf7 32. Bf3 Rxe3 33. Rxe3
Rf8 1/2-1/2

[Event "17MCR_PFA"]
[Site "?"]
[Date "2003.??.??"]
[Round "?"]
[White "Kostal, Jindrich"]
[Black "Novak, Vratislav"]
[Result "1-0"]
[WhiteElo "2330"]
[BlackElo "2265"]
[PlyCount "73"]
[EventDate "2003.??.??"]
[EventType "corr"]
[EventRounds "1"]
[SourceDate "2005.10.25"]

1. e4 e5 2. Nf3 d6 3. d4 exd4 4. Nxd4 Nf6 5. Nc3 Be7 6. Bf4 O-O 7. Qd2 Nc6 8.
O-O-O Nxd4 9. Qxd4 Be6 10. Nd5 Nxd5 11. exd5 Bf6 12. Qe4 Bg4 13. Bd3 g6 14. f3
Bf5 15. Qc4 Bxd3 16. Rxd3 Re8 17. h4 a5 18. Bd2 a4 19. h5 g5 20. f4 a3 21. b3
Re2 22. Rg3 Qe7 23. fxg5 Bg7 24. c3 Qe5 25. Rd3 Re8 26. h6 Bh8 27. Rf3 Qe4 28.
Qxe4 R8xe4 29. Rhf1 Re7 30. Rf4 Kf8 31. Rb4 b6 32. Ra4 R2e5 33. c4 Re2 34. Rxa3
Bb2+ 35. Kxb2 Rxd2+ 36. Kc3 Rxg2 37. Kb4 1-0

[Event "17MCR_PFA"]
[Site "?"]
[Date "2003.??.??"]
[Round "?"]
[White "Dedina, Miroslav"]
[Black "Prchly, Milos"]
[Result "1-0"]
[WhiteElo "2325"]
[BlackElo "2270"]
[PlyCount "103"]
[EventDate "2003.??.??"]
[EventType "corr"]
[EventRounds "1"]
[SourceDate "2005.10.25"]

1. e4 e5 2. Nf3 Nf6 3. Nxe5 d6 4. Nf3 Nxe4 5. d4 d5 6. Bd3 Nc6 7. O-O Be7 8.
Re1 Bg4 9. c3 f5 10. Nbd2 O-O 11. Qb3 Kh8 12. Qxb7 Rf6 13. Qb3 Rb8 14. Qa4 Bd6
15. Be2 Bh5 16. Nf1 Qe8 17. Nh4 Bxe2 18. Rxe2 Qh5 19. Nf3 g5 20. Rc2 Re8 21.
Bd2 g4 22. Ne5 Nxe5 23. dxe5 Bxe5 24. Ng3 Qg6 25. Nxe4 fxe4 26. Be3 Qh5 27. g3
a6 28. Rd1 Rd6 29. Rcd2 c6 30. Qxa6 Rf6 31. Qa5 Qf5 32. c4 dxc4 33. Rd8 Rff8
34. Rxe8 Rxe8 35. Bd4 e3 36. Bxe3 Qf6 37. a4 Bxb2 38. Qb4 Be5 39. Qxc4 Qe6 40.
Qxe6 Rxe6 41. a5 c5 42. Bxc5 Ra6 43. Rd5 Bc3 44. Bb6 Kg7 45. h3 gxh3 46. Kh2
Kf6 47. Kxh3 Ke6 48. Rh5 Kf7 49. Rxh7+ Kg6 50. Ra7 Rxa7 51. Bxa7 Bxa5 52. Kg4
1-0

[Event "17MCR_PFA"]
[Site "?"]
[Date "2003.??.??"]
[Round "?"]
[White "Kuta, Jiri"]
[Black "Vondracek, Emil"]
[Result "1-0"]
[WhiteElo "2305"]
[BlackElo "2275"]
[PlyCount "73"]
[EventDate "2003.??.??"]
[EventType "corr"]
[EventRounds "1"]
[SourceDate "2005.10.25"]

1. d4 d5 2. c4 c6 3. Nf3 Nf6 4. Nc3 dxc4 5. a4 Bf5 6. e3 e6 7. Bxc4 Bb4 8. O-O
Nbd7 9. Qe2 Bg6 10. e4 Bxc3 11. bxc3 Nxe4 12. Ba3 Qc7 13. Rfe1 Nxc3 14. Qb2 Ne4
15. a5 a6 16. Ne5 Nef6 17. Rac1 Kd8 18. Nxd7 Kxd7 19. d5 Bf5 20. dxe6+ fxe6 21.
Rcd1+ Kc8 22. Rxe6 Rd8 23. Rxd8+ Qxd8 24. Re7 Bd7 25. Qe5 b5 26. axb6 Qxb6 27.
Rxg7 Qb1+ 28. Bf1 Qf5 29. Qxf5 Bxf5 30. Rf7 Be4 31. Rxf6 Kb7 32. Bc5 Bd5 33.
Bd3 Rg8 34. f3 Rg7 35. Rh6 Bxf3 36. Rxh7 Rxh7 37. Bxh7 1-0

[Event "17MCR_PFA"]
[Site "?"]
[Date "2003.??.??"]
[Round "?"]
[White "Prchly, Milos"]
[Black "Kuta, Jiri"]
[Result "1/2-1/2"]
[WhiteElo "2270"]
[BlackElo "2305"]
[PlyCount "34"]
[EventDate "2003.??.??"]
[EventType "corr"]
[EventRounds "1"]
[SourceDate "2005.10.25"]

1. d4 Nf6 2. c4 c5 3. d5 g6 4. Nc3 Bg7 5. e4 d6 6. Bd3 O-O 7. Nge2 e6 8. h3
exd5 9. exd5 Nfd7 10. b3 Re8 11. Bd2 Na6 12. a3 Ne5 13. Bc2 Qh4 14. O-O Bg4 15.
f4 Nf3+ 16. Rxf3 Bxf3 17. gxf3 Bd4+ 1/2-1/2

[Event "17MCR_PFA"]
[Site "?"]
[Date "2003.??.??"]
[Round "?"]
[White "Novak, Vratislav"]
[Black "Dedina, Miroslav"]
[Result "0-1"]
[WhiteElo "2265"]
[BlackElo "2325"]
[PlyCount "127"]
[EventDate "2003.??.??"]
[EventType "corr"]
[EventRounds "1"]
[SourceDate "2005.10.25"]

1. e4 e5 2. Nf3 Nc6 3. Bb5 a6 4. Ba4 Nf6 5. O-O Nxe4 6. d4 b5 7. Bb3 d5 8. dxe5
Be6 9. Nbd2 Nc5 10. c3 d4 11. Bxe6 Nxe6 12. cxd4 Ncxd4 13. Nb3 Nxb3 14. Qxb3
Be7 15. a4 c6 16. Rd1 Qc7 17. axb5 cxb5 18. Be3 O-O 19. Rac1 Qb7 20. Nd4 Nxd4
21. Bxd4 Rad8 22. Qg3 Qe4 23. Qe3 Qg4 24. f3 Qf5 25. f4 Rd7 26. Qf3 Rfd8 27.
Be3 Rxd1+ 28. Rxd1 Rxd1+ 29. Qxd1 a5 30. h3 Qe4 31. Qc1 g6 32. Bf2 Bf8 33. Bc5
Qc6 34. Be3 Qd7 35. g4 a4 36. Kf2 Qd3 37. Qc8 Qb3 38. Bd4 Qd5 39. Ke3 Qh1 40.
g5 b4 41. Kf2 Qe4 42. Be3 a3 43. bxa3 bxa3 44. Qa6 Qd5 45. Qa4 a2 46. Bd4 h5
47. Bc3 Qd3 48. Qxa2 Bc5+ 49. Ke1 Qxc3+ 50. Qd2 Qxd2+ 51. Kxd2 Kf8 52. e6 Ke7
53. exf7 Bb4+ 54. Ke3 Kxf7 55. Kd4 Ke6 56. Ke3 Kf5 57. Kf3 Bd6 58. Ke2 Bc7 59.
h4 Kxf4 60. Kf1 Ba5 61. Kg2 Ke4 62. Kh2 Bd8 63. Kg2 Bxg5 64. hxg5 0-1

[Event "17MCR_PFA"]
[Site "?"]
[Date "2003.??.??"]
[Round "?"]
[White "Volek, Stanislav"]
[Black "Kostal, Jindrich"]
[Result "1/2-1/2"]
[WhiteElo "2265"]
[BlackElo "2330"]
[PlyCount "76"]
[EventDate "2003.??.??"]
[EventType "corr"]
[EventRounds "1"]
[SourceDate "2005.10.25"]

1. d4 Nf6 2. Nf3 g6 3. c4 Bg7 4. g3 c5 5. Bg2 O-O 6. O-O d6 7. dxc5 dxc5 8. Ne5
Nbd7 9. Nd3 Ng4 10. Qb3 Nde5 11. Nxe5 Nxe5 12. Rd1 Qb6 13. Nc3 Be6 14. Bxb7
Rab8 15. Bd5 Qa5 16. Qa4 Qxa4 17. Nxa4 Nxc4 18. Bxe6 fxe6 19. Rd7 Nxb2 20. Bxb2
Bxb2 21. Rb1 Ba3 22. Rxb8 Rxb8 23. Rxa7 c4 24. Rc7 Rb1+ 25. Kg2 Rc1 26. Kf3 Kf7
27. Nb6 c3 28. Nc4 Bb2 29. Nd6+ Kf8 30. Ne4 h6 31. Ke3 Ra1 32. Nxc3 Bxc3 33.
Rxc3 Rxa2 34. f4 Ra5 35. Ke4 Kf7 36. h4 Ra4+ 37. Kf3 Ra5 38. Ke4 e5 1/2-1/2

[Event "17MCR_PFA"]
[Site "?"]
[Date "2003.??.??"]
[Round "?"]
[White "Jirku, Jaroslav"]
[Black "Barta, Tomas"]
[Result "1/2-1/2"]
[WhiteElo "2265"]
[BlackElo "1835"]
[PlyCount "117"]
[EventDate "2003.??.??"]
[EventType "corr"]
[EventRounds "1"]
[SourceDate "2005.10.25"]

1. e4 c5 2. Nf3 Nc6 3. d4 cxd4 4. Nxd4 g6 5. c4 Bg7 6. Be3 Nf6 7. Nc3 Ng4 8.
Qxg4 Nxd4 9. Qd1 Ne6 10. Rc1 b6 11. Bd3 Bb7 12. O-O O-O 13. Bb1 Rc8 14. b3 d6
15. Qd2 a5 16. Nd5 Nc5 17. Bg5 f6 18. Be3 e6 19. Nc3 Qd7 20. Rfd1 Rcd8 21. f3
f5 22. Bg5 Bf6 23. Bxf6 Rxf6 24. Qg5 Rff8 25. exf5 exf5 26. Rd2 Qg7 27. Nd5
Bxd5 28. Rxd5 f4 29. Qh4 a4 30. b4 Qb2 31. Qe1 Na6 32. b5 Nc5 33. Rc2 Qf6 34.
Re2 Rf7 35. Bc2 Rfd7 36. Qd2 Qa1+ 37. Kf2 Qf6 38. Rd4 Rf8 39. Be4 Rdd8 40. Bc6
Kg7 41. Re1 Rf7 42. Kg1 g5 43. Qc3 Kf8 44. Qd2 Kg7 45. Rd5 Re7 46. Rxe7+ Qxe7
47. Qc3+ Kg6 48. Qc2+ Kg7 49. Qc3+ Kg6 50. Rd1 Qf6 51. Qd2 h6 52. Re1 Kg7 53.
Qe2 Qe5 54. Qd2 Qf6 55. Rd1 Kg6 56. Kf1 Kg7 57. Qe2 a3 58. Re1 Qe5 59. Qd2
1/2-1/2